000 00700naa a2200217 i 4500
001 53105
003 ES-MaBCM
005 20250206072550.0
008 971212s1993 esp 000 0 spa d
021 _axx
035 _a(OCoLC)1365130058
040 _cES-MaBCM
041 0 _aspa
043 _aesp
100 1 _aAlemann, Roberto T.
_9839
245 1 0 _aLos problemas de la Unión monetaria entre países latinoamericanos
_cRoberto T. Alemann
650 2 7 _aUnión Económica y Monetaria
_960566
651 2 4 _aAmérica Latina
_9115440
773 0 _aEn:
_tAnales de la Real Academia de Ciencias Morales y Políticas
_dMadrid : 1993
_w104864
_gaño XLV, n. 70, p. 125-135. - Loc. S.5
942 _cAREV
999 _c53105
_d53105